书目信息 |
| 题名: |
游心于佛道
|
|
| 作者: | 戈国龙 著 | |
| 分册: | ||
| 出版信息: | 北京 华夏出版社 2007 |
|
| 页数: | 324页 | |
| 开本: | 23cm | |
| 丛书名: | ||
| 单 册: | ||
| 中图分类: | B948 | |
| 科图分类: | ||
| 主题词: | 佛教--研究 , 道教--研究 | |
| 电子资源: | ||
| ISBN: | 978-7-5080-4106-3 | |
| 000 | 00696nam0 2200229 450 | |
| 001 | 1569366498 | |
| 005 | 20150127091959.78 | |
| 010 | @a978-7-5080-4106-3@dCNY32.00 | |
| 100 | @a20070410d2007 em y0chiy50 ea | |
| 101 | 0 | @achi |
| 102 | @aCN@b110000 | |
| 105 | @ay z 000yy | |
| 200 | 1 | @a游心于佛道@9you xin yu fo dao@f戈国龙著 |
| 210 | @a北京@c华夏出版社@d2007 | |
| 215 | @a324页@d23cm | |
| 330 | @a本书是作者多年来游心于佛道的学术经历与成果,分为上篇:游心于佛——天台学管窥、下篇:游心于道——内丹学探微。 | |
| 606 | 0 | @a佛教@x研究 |
| 606 | 0 | @a道教@x研究 |
| 690 | @aB948@v5 | |
| 701 | 0 | @a戈国龙@9ge guo long@f(1971~)@4著 |
| 801 | 0 | @aCN@bTSSF@c20150127 |
| 905 | @aZUCC@dB948@eJY55 | |
| 游心于佛道/戈国龙著.-北京:华夏出版社,2007 |
| 324页;23cm |
| ISBN 978-7-5080-4106-3:CNY32.00 |
| 本书是作者多年来游心于佛道的学术经历与成果,分为上篇:游心于佛——天台学管窥、下篇:游心于道——内丹学探微。 |
| ● |
| 相关链接 |
|
|
|
|
正题名:游心于佛道
索取号:B948/JY55
 
预约/预借
| 序号 | 登录号 | 条形码 | 馆藏地/架位号 | 状态 | 备注 |
| 1 | 7841548 | 278415485 | 不外借—密集书库/ [索取号:B948/JY55] | 在馆 |